000 00455nam a2200157Ia 4500
008 210719s1972 xx 000 0 und d
041 _aeng
082 _a155.93 FLES
100 _aFLETCHER (Joseph) and MONTGOMERY (John Warwick)
245 _aSituation ethics true or false.
260 _aMinnesota
_bDimension Books
_c1972
300 _a90
_bPB
365 _b13
_cRs
650 _aHealth Psychology
906 _aethics ; false. ; or ; Situation ; true
999 _c212635
_d212635